000 01042nam a22003017a 4500
003 CHAP
005 20220329140915.0
008 971013s r 00010 d
010 _a59617
011 _a60589
035 _a64751
040 _cCHAP
082 _a631.3
_bE54
100 0 0 _aELE Agronomics Division. Hemel Hempstead. England.
_936201
245 _aInstrumentation and equipment for the agricultural industry research and education
260 _aHemel Hampstead :
_bELE International,
_c(198?)
300 _a224 p.
_b: ilus.
590 _aBATCH-UPD
_b10
_c20130110
_lUCH01
_h0354
590 _aBATCH-UPD
_b10
_c20130110
_lUCH01
_h2014
590 _aBATCH-UPD
_b10
_c20130410
_lUCH01
_h0027
590 _aBATCH-UPD
_b10
_c20130914
_lUCH01
_h1255
590 _aCONVERSION
_b10
_c20130109
_lUCH01
_h1332
650 1 4 _aAgricultura
_xAparatos e instrumentos.
_91189
650 1 4 _aAgricultura
_xInnovaciones tecnológicas.
_91565
901 _aBK
942 _cLIBRO
949 _a631.3 E54
_bBC
_cLIBRO
_d33724000568655
_eLIBRO
_h71177
_i64751
_sb
999 _c59617
_d59617